00965cam a2200253 i 450000100090000000300040000900500170001300800410003002000260007104000310009705000150012810000240014324502040016726000930037130000240046433600260048833700280051433800270054250400410056965000280061065000120063870000270065070000340067717877825OSt20240223091624.0130906s2014 enk b 000 0 eng  a9781843768159q(v. 2) aNUSTbengerdacNUSTdNUST00aHB97.3 NEW eEditorqKurt Dopfer04aThe new evolutionary economics /cedited by Kurt Dopfer, Professor Emeritus of Economics, University of St. Gallen, Switzerland and Jason Potts, Principal Research Fellow, RMIT University, Australia. aCheltenham, UK ;Northampton, Massachusetts :bEdward Elgar Publishing Limited,c[©2014] a3 volumes ;c25 cm. atextbtxt2rdacontent aunmediatedbn2rdamedia avolumebnc2rdacarrier aIncludes bibliographical references. 0aEvolutionary economics. 02Economy1 aDopfer, Kurt,eeditor.1 aPotts, Jason,d1972-eeditor.